000
00297nam a22001337a 4500
008
181011b xxu||||| |||| 00| 0 eng d
020
_a
0801612144
041
_a
eng
080
_a
617
100
_a
6
101
_a
SHF
245
_a
The Obstetric Anesthesia Handbook
_c
Datta, S
942
_2
udc
_c
BK
999
_c
49364
_d
49364